<?xml version="1.0" encoding="UTF-8"?>
<record
    xmlns:xsi="http://www.w3.org/2001/XMLSchema-instance"
    xsi:schemaLocation="http://www.loc.gov/MARC21/slim http://www.loc.gov/standards/marcxml/schema/MARC21slim.xsd"
    xmlns="http://www.loc.gov/MARC21/slim">

  <leader>02642cab a2200349Ia 45 0</leader>
  <controlfield tag="001">u200564</controlfield>
  <controlfield tag="003">SIRSI</controlfield>
  <controlfield tag="008">120604s2004    ua     ss b         eng d</controlfield>
  <datafield tag="040" ind1=" " ind2=" ">
    <subfield code="a">EAL</subfield>
  </datafield>
  <datafield tag="041" ind1=" " ind2=" ">
    <subfield code="a">eng</subfield>
    <subfield code="b">ara</subfield>
  </datafield>
  <datafield tag="090" ind1=" " ind2=" ">
    <subfield code="a">ART ZJAR V31 No4A 8</subfield>
  </datafield>
  <datafield tag="100" ind1="1" ind2=" ">
    <subfield code="a">El-Mansi, A. A.</subfield>
  </datafield>
  <datafield tag="240" ind1="1" ind2="0">
    <subfield code="a">Zagazig journal of agricultural research, 2004 v. 31 (4A)</subfield>
    <subfield code="h">[electronic resource].</subfield>
  </datafield>
  <datafield tag="245" ind1="1" ind2="0">
    <subfield code="a">Effect of water quantity and farmyard manure on garlic under sandy soil conditions</subfield>
    <subfield code="h">[electronic resource]:</subfield>
    <subfield code="b"> 3.storability.</subfield>
  </datafield>
  <datafield tag="246" ind1="1" ind2="5">
    <subfield code="a">&#x62A;&#x623;&#x62B;&#x64A;&#x631; &#x643;&#x645;&#x64A;&#x629; &#x645;&#x64A;&#x627;&#x647; &#x627;&#x644;&#x631;&#x649; &#x648;&#x627;&#x644;&#x633;&#x645;&#x627;&#x62F; &#x627;&#x644;&#x628;&#x644;&#x62F;&#x649; &#x639;&#x644;&#x649; &#x627;&#x644;&#x62B;&#x648;&#x645; &#x62A;&#x62D;&#x62A; &#x638;&#x631;&#x648;&#x641; &#x627;&#x644;&#x623;&#x631;&#x636; &#x627;&#x644;&#x631;&#x645;&#x644;&#x64A;&#x629;:</subfield>
    <subfield code="b">3- &#x627;&#x644;&#x642;&#x62F;&#x631;&#x629; &#x627;&#x644;&#x62A;&#x62E;&#x632;&#x64A;&#x646;&#x64A;&#x629;.</subfield>
  </datafield>
  <datafield tag="300" ind1=" " ind2=" ">
    <subfield code="a">P. 1361-1383.</subfield>
  </datafield>
  <datafield tag="504" ind1=" " ind2=" ">
    <subfield code="a">Includes references.</subfield>
  </datafield>
  <datafield tag="520" ind1=" " ind2=" ">
    <subfield code="a">This experiment was carried out during two winter seasons of 2000-2001 and 2001-2002 at EL-Khattara Experimental Farm, Fac. Agric., Zagazig Univ., to study the effect of water quantity, farmyard manure (FYM) and their interactions on storability of garlic bulbs during storage period. Water quantity at 2600 m3/fed, followed by 2100 m3/fed recorded maximum values of the emaciation and sprouting percentage in bulbs during storage period, while application of 600 m /fed followed by 1100 m /fed recorded minimum values of the emaciation and sprouting percentage. Weight loss (%) of garlic bulbs increased with increasing water quantity up to 2600 m3/fed and decreased with decreasing water quantity up to 600 m3/feddan. FYM at 30 m3/fed recorded maximum values of the emaciation and sprouting percentage in bulbs during storage period. Weight loss (%) of garlic bulbs increased with increasing FYM up to 45 m3/fed and decreased with decreasing FYM up to 15 m3/fed or without FYM. The interaction between 2600 m3 water/fed and 30 or 45 m3 FYM/fed gave the highest values of weight loss (%), while 600 m3 water and 15 m3 FYM /fed or without FYM gave the lowest values of weight loss (%) in bulbs during storage period. The interaction between water quantity and FYM had no significant effect on emaciation and sprouting percentages in bulbs during storage.</subfield>
  </datafield>
  <datafield tag="546" ind1=" " ind2=" ">
    <subfield code="a">Summary in Arabic.</subfield>
  </datafield>
  <datafield tag="650" ind1=" " ind2="0">
    <subfield code="a">Sandy soils.</subfield>
  </datafield>
  <datafield tag="650" ind1=" " ind2="0">
    <subfield code="a">Garlic</subfield>
    <subfield code="x">Storage.</subfield>
  </datafield>
  <datafield tag="650" ind1=" " ind2="0">
    <subfield code="a">Garlic</subfield>
    <subfield code="x">Quality.</subfield>
  </datafield>
  <datafield tag="650" ind1=" " ind2="0">
    <subfield code="a">Garlic</subfield>
    <subfield code="x">Irrigation.</subfield>
  </datafield>
  <datafield tag="650" ind1=" " ind2="0">
    <subfield code="a">Farm manure.</subfield>
  </datafield>
  <datafield tag="650" ind1=" " ind2="0">
    <subfield code="a">Garlic</subfield>
    <subfield code="x">Yields.</subfield>
  </datafield>
  <datafield tag="700" ind1="1" ind2=" ">
    <subfield code="a">Bardisi,  A.</subfield>
  </datafield>
  <datafield tag="700" ind1="1" ind2=" ">
    <subfield code="a">Fayed, A. N.</subfield>
  </datafield>
  <datafield tag="700" ind1="1" ind2=" ">
    <subfield code="a">Abou El-Khair, E. E.</subfield>
  </datafield>
  <datafield tag="773" ind1="0" ind2=" ">
    <subfield code="t">Zagazig Journal of Agricultural Research. </subfield>
    <subfield code="g">2004.v.31(4A)</subfield>
    <subfield code="x">1110-0338</subfield>
    <subfield code="7">nnas</subfield>
    <subfield code="w">u158356</subfield>
  </datafield>
  <datafield tag="856" ind1="4" ind2="0">
    <subfield code="u">http://nile.enal.sci.eg/EALE/2004/ZJAR/3104/4A/1361.pdf</subfield>
    <subfield code="z">Full Text Article.</subfield>
  </datafield>
  <datafield tag="596" ind1=" " ind2=" ">
    <subfield code="a">1</subfield>
  </datafield>
  <datafield tag="942" ind1=" " ind2=" ">
    <subfield code="c">AR</subfield>
    <subfield code="2">lcc</subfield>
  </datafield>
  <datafield tag="999" ind1=" " ind2=" ">
    <subfield code="c">53036</subfield>
    <subfield code="d">53036</subfield>
  </datafield>
</record>
